000 00630nmm a2200193Ia 4500
008 251105s9999||||xx |||||||||||||||||und||
020 _a9789877601367
041 _aspa
100 _aCopioli, Juan Carlos
245 0 _aInmunología e inmunopatología desde la complejidad biomolecular hacia la simplificación conceptual
264 _a[Buenos Aires, Argentina] :
_bEditorial Brujas,
_c2018
300 _a170 páginas
650 _aMedicine
700 _aCopioli, Juan Carlos
700 1 _a Porporatto, Carina
700 1 _a Lazara Díaz, Ximena
856 _uhttps://public.digitaliapublishing.com/a/58648
942 _cCF
999 _c64189
_d64189